Matemática para 5to. año, un enfoque moderno /
Guardado en:
| Autor Principal: | |
|---|---|
| Formato: | Libro |
| Publicado: |
Buenos Aires :
Codex,
1969
|
| Materias: | |
| Etiquetas: |
Agregar Etiqueta
Sin Etiquetas, Sea el primero en etiquetar este registro!
|
| LEADER | 00573nam a22001935a 4500 | ||
|---|---|---|---|
| 001 | CEM.cems001925 | ||
| 005 | 20060215000000.0 | ||
| 008 | 130507s1969##################000#0#####d | ||
| 003 | CEMS | ||
| 082 | 0 | 4 | |a 510 |
| 100 | 1 | |a Dalmasso, Juan Carlos | |
| 245 | 1 | 0 | |a Matemática para 5to. año, un enfoque moderno / |
| 260 | |a Buenos Aires : |b Codex, |c 1969 | ||
| 300 | |a 394 p. | ||
| 653 | |a Analisis | ||
| 653 | |a Matematica | ||
| 653 | |a Trigonometria | ||
| 859 | |a CEMS |b BIB. CEMS - 11 de abril |h 510 |i D168/5 |p 1270.73 |t Ej.1 | ||
| 859 | |a CEMS |b BIB. CEMS - 11 de abril |h 510 |i D168/5 |p 1621.74 |t Ej.2 | ||
